| 000 | 01503nam a2200229 a 4500 | ||
|---|---|---|---|
| 001 | 000029100 | ||
| 005 | 20240307073948.0 | ||
| 008 | 110413s1982 dr 000 0 spa d | ||
| 040 |
_aDO-SdBNP _bspa _cBNPHU |
||
| 082 |
_axxxx _bxxxx |
||
| 110 | 1 |
_aUniversidad Autónoma de Santo Domingo _972951 |
|
| 245 | 1 | 0 |
_aInstructivos para el diseño y planificación de los planes de estudios y programas / _cpresentación ; Pablo Ma. Hernández. |
| 260 |
_aSanto Domingo : _bPublicaciones de la Universidad Autónoma de Santo Domingo, _c1982. |
||
| 300 |
_a44 p. ; _c21 cm. |
||
| 490 | 1 |
_aOPLAU _v1 |
|
| 490 | 1 | _aPlanes de estudios | |
| 504 | _aBibliografía : P. 43-44 | ||
| 505 | 0 |
_aDISEÑO Y PLANIFICACIÓN DE LOS PLANES DE ESTUDIOS -- _tEstratificación del plan de estudio -- _tEl plan de estudios -- _tEstructura del plan de estudio (elementos) -- _tUn concepto de objetivos -- _tComo planificar los objetivos para las carreras universitarias -- _tLos objetivos de la carrera -- _tObjetivos de las carreras con ciclos -- _tCampo de ejercicio -- _tAptitudes vocacionales -- _tAgrupación de las asignaturas -- _tEsquemas semestrales -- _tOtras recomendaciones adicionales -- _tDISEÑO Y PLANIFICACIÓN DE LOS PROGRAMAS DE LAS ASIGNATURAS -- _tProgramas -- _tSu estructura -- _tLa selección de los contenidos del curriculo -- _tDISEÑO DE UN MODELO DE PROGRAMA Y TÉCNICA DE ELABORACIÓN DE TESIS. |
|
| 700 | 1 | 2 |
_aHernández, Pablo Ma., _epres. _956001 |
| 830 | 0 |
_aOPLAU _v1 _956002 |
|
| 830 | 0 |
_aPlanes de estudios _956003 |
|
| 999 |
_c28592 _d28592 |
||